Statistiques concernant A-Z : Pays ayant le pire IDH

Cliquez ici pour prendre le quiz!

Statistiques générales

  • Ce quiz a été pris 72 fois
  • Le résultat moyen est 14 sur 24

Statistiques - réponses

Lettre Pays % Correct
ZZimbabwe
95%
YYémen
90%
CCongo (R.D.)
77%
EErythrée
75%
QQatar
74%
OOuganda
72%
NNiger
62%
HHaïti
61%
GGuinée
61%
JJordanie
57%
DDjibouti
56%
FFidji
54%
IInde
54%
KKenya
54%
MMozambique
52%
AAfghanistan
49%
LLiberia
48%
UUkraine
46%
RRépublique {centrafricaine}
44%
TTchad
41%
SSierra Leone
41%
BBurkina Faso
39%
VViêt Nam
38%
PPapouasie-Nouvelle-Guinée
23%

Distribution des résultats

Percentile by Number Answered

% des personnes avec chaque résultat

Votre développement - résultats

Vous n’avez pas pris ce quiz